| 000 | 02051nam0a2200385 i 4500 | ||
|---|---|---|---|
| 001 | RU\NLR\bibl\1973114 | ||
| 005 | 20240921161815.0 | ||
| 010 |
_a9785948569246 _9500 |
||
| 021 |
_aRU _b2012-87232 _96456 |
||
| 035 | _a(nilc)RSL-KNO-005527655 | ||
| 035 | _a(NLR Aleph) 001961929 | ||
| 090 |
_a3837377 _c3837377 |
||
| 100 | _a20121119d2012 u y0rusy50 ca | ||
| 101 | 0 | _arus | |
| 102 | _aRU | ||
| 105 | _aa ||||||||| | ||
| 200 | 1 |
_aОценка стоимости предприятия (бизнеса) _eучебно-методическое пособие _fЕ.Н. Амельченко, А.В. Буга, О.В. Бургонов [и др.] _gФедер. гос. образоват. учреждение высш. проф. образования Сосновобор. фил. Рос. акад. нар. хоз-ва и гос. службы при Президенте Рос. Федерации, О-во с огран. ответственностью "С.-Петерб. ин-т независимой экспертизы и оценки" |
|
| 210 |
_aСанкт-Петербург _cАстерион _d2012 |
||
| 215 |
_a242, [1] с. _cил. _d21 |
||
| 320 | _aБиблиогр.: с. 203-204, в конце гл. и в подстроч. прим. | ||
| 606 | 1 |
_aПредприятия _jУчебно-методические пособия для высших учебных заведений _xСтоимость _xОценка _92099494 _3RU\NLR\AUTH\661269931 |
|
| 686 |
_aУ053.9(2)29я73-14 _2rubbk |
||
| 686 | _aУ29(2)я73 | ||
| 686 | _aУ9(2)-13(2Р)я73 | ||
| 701 | 1 |
_aАмельченко _bЕ. Н. _gЕлена Николаевна _4070 |
|
| 701 | 1 |
_aБуга _bА. В. _gАлександр Владимирович _4070 |
|
| 701 | 1 |
_aБургонов _bО. В. _gОлег Викторович _4070 |
|
| 801 | 0 |
_aRU _bRuMoRKP _c20121119 _grcr |
|
| 801 | 1 |
_aRU _bРГБ _c20121119 |
|
| 801 | 2 |
_aRU _bNLR _c20121129 _grcr |
|
| 830 | _aавт. по кн. | ||
| 942 | _cBOOK | ||
| 980 | _aNBR | ||